1M+ cities of the world by letter - O - Statistics

General Stats
  • This quiz has been taken 1,403 times
    871 since last reset
  • The average score is 8 of 11
Answer Stats
Country Population City % Correct
Japan 17.70 mil Osaka
99%
Norway 1.29 mil Oslo
98%
Canada 1.46 mil Ottawa
94%
Burkina Faso 3.55 mil Ouagadougou
86%
United States 4.05 mil Orlando
82%
Ukraine 1.09 mil Odessa
81%
Algeria 1.67 mil Oran
68%
Russia 1.13 mil Omsk
65%
United States 1.23 mil Oklahoma City
60%
Japan 2.17 mil Okayama
38%
Nigeria 1.25 mil Onitsha
32%
No matching quizzes found
Score Distribution
Percent of People with Each Score
Percentile by Number Answered
Your Score History
You have not taken this quiz since the last reset